Účtovanie preddavkov v podvojnom účtovníctve podnikateľov

Preddavkové platby pri vzájomných obchodných vzťahoch. Vyúčtovanie preddavku na základe dodávateľskej, resp. odberateľskej faktúry alebo uzavretej zmluvy. Opatrenia FMF a MF SR, podľa ktorých sa ustanovuje Účtová osnova a postupy účtovania pre podnikateľov. Účtová osnova pre podnikateľov a syntetick...

Descrizione completa

Salvato in:
Dettagli Bibliografici
Autore principale: Takács, Z.
Natura: Capitolo di libro
Lingua:slovacco
Soggetti:
Tags: Aggiungi Tag
Nessun Tag, puoi essere il primo ad aggiungerne!!

MARC

LEADER 00000naa a2200000 4500
001 r020940
005 20230811094900.6
041 0 |a slo 
044 |a SK 
245 1 0 |a Účtovanie preddavkov v podvojnom účtovníctve podnikateľov  |c Z. Takács 
520 |a Preddavkové platby pri vzájomných obchodných vzťahoch. Vyúčtovanie preddavku na základe dodávateľskej, resp. odberateľskej faktúry alebo uzavretej zmluvy. Opatrenia FMF a MF SR, podľa ktorých sa ustanovuje Účtová osnova a postupy účtovania pre podnikateľov. Účtová osnova pre podnikateľov a syntetické účty na zúčtovanie preddavkov. Príklady účtovania poskytnutých preddavkov dodávateľom, resp. prijatých preddavkov od odberateľov. Účtovné prípady, postupy účtovania. 
610 2 0 |a účtovanie 
610 2 0 |a opatrenia 
610 2 0 |a FMF Praha 
610 2 0 |a 1992 
610 2 0 |a osnova účtová 
610 2 0 |a podnikatelia 
610 2 0 |a preddavky 
610 2 0 |a vzťahy dodávateľsko-odberateľské 
610 2 0 |a prípady účtovné 
610 2 0 |a účty 
610 2 0 |a postupy účtovné 
100 1 |a Takács, Z.